| 000 | 00804nam a2200229Ia 4500 | ||
|---|---|---|---|
| 999 |
_c19996 _d19996 |
||
| 003 | OSt | ||
| 005 | 20211018131137.0 | ||
| 008 | 160316s2001 xxu||||| |||| 00| 0 eng d | ||
| 020 | _a9780735516427 | ||
| 040 | _c. | ||
| 082 |
_a346.092000 _bBUR |
||
| 100 | _aBurch John C | ||
| 245 | _aCapital markets handbook | ||
| 250 | _a2nd | ||
| 260 |
_aGauthersburg _bAspen Law & Publishers _c2001 |
||
| 300 |
_a983p _cxxix |
||
| 365 | _bRs.9,324 | ||
| 650 | _a1. Capital Market - Law & Legislation - U S A 2. Securities - U S A3. Stock Exchanges - Law & Legislation - U S A 4. Corporations - Finance - Law & Legislation - U S A | ||
| 700 |
_aForester Bruce S _a |
||
| 856 | _uhttps://www.google.co.in/books/edition/Capital_Markets_Handbook/lK0cNusTsugC?hl=en&gbpv=1&printsec=frontcover | ||
| 942 |
_2ddc _cBK |
||